Teams Zlatan Ibrahimovic has played for - Statistics

General Stats
  • This quiz has been taken 1,649 times
    1,012 since last reset
  • The average score is 8 of 13
Answer Stats
Answer % Correct
AC Milan
97%
Inter Milan
93%
Barcelona
92%
Manchester United
90%
Paris Saint Germain
87%
Ajax
85%
Malmo BI
76%
Malmo FF
76%
Juventus
75%
Sweden
52%
Sweden Under 18
7%
Sweden Under 21
7%
FBK Balkan
6%
No matching quizzes found
Score Distribution
Percent of People with Each Score
Percentile by Number Answered
Your Score History
You have not taken this quiz since the last reset